|
|
|
|
| LEADER |
00000nam a2200000 i 4500 |
| 005 |
20120228145026.0 |
| 007 |
cr|||| |||| |
| 008 |
091019s2009 sp r 000 0 spa d |
| 017 |
|
|
|a D.L.M-23585-2009
|
| 020 |
|
|
|a 9788498496833
|
| 035 |
|
|
|a 4795
|
| 040 |
|
|
|a SpMaUCDE
|d BUS
|c vLex
|
| 080 |
|
|
|a 342.565.2
|
| 080 |
|
|
|a 342.562(430)
|
| 090 |
|
|
|c 3046
|d 3046
|
| 100 |
1 |
|
|a Stern, Klaus.
|
| 245 |
1 |
0 |
|a Jurisdiccin̤ constitucional y legislador
|h [Recurso electrn̤ico] /
|c Klaus Stern ; traduccin̤ y estudio preliminar de Alberto Oehling de los Reyes.
|
| 256 |
|
|
|a Servicio en ln̕ea
|
| 260 |
|
|
|a Madrid:
|b Dykinson,
|c 2009.
|
| 300 |
|
|
|a 1 recurso electrn̤ico
|
| 506 |
1 |
|
|a Contenido solo disponible en los productos indicados
|d vLex Global
|d vLex Global (Academic Edition, excluding Law Schools)
|d vLex Global (U.S. Academic Edition, Law Schools)
|d vLex Global (U.S. Academic Edition, excluding Law Schools)
|d vLex Global (Academic Edition, Law Schools)
|
| 650 |
0 |
4 |
|a Control jurisdiccional de las leyes
|z Alemania
|
| 650 |
0 |
4 |
|a Tribunales constitucionales
|z Alemania (R.F)
|
| 700 |
1 |
|
|a Oehling de los Reyes, Alberto,
|e ed. lit.
|
| 740 |
0 |
|
|a vLex Libros (Servicio en ln̕ea)
|
| 856 |
4 |
0 |
|u http://vlex.com/source/jurisdiccion-constitucional-legislador-4795
|z Acceso restringido
|
| 942 |
|
|
|c BOOK
|